| 000 | 01126cam a22002657i 4500 | ||
|---|---|---|---|
| 001 | 3385 | ||
| 005 | 20250612095053.0 | ||
| 020 | _a9781618103291 | ||
| 040 |
_aDLC _beng _cDLC _erda _dDLC |
||
| 050 | 0 | 0 | _aPZ7.S845 |
| 082 | 0 | 0 | _a823 |
| 100 | 1 | _aSteinkraus, Kyla | |
| 245 | 1 | 0 |
_aMoney down the drain / _cby Kyla Steinkraus ; illustrated by Ed Myer |
| 260 |
_aFlorida : _bRourke Education Media , _c2013 |
||
| 300 |
_a24 pages : _bcolored illustrations ; _c21 cm. |
||
| 490 | 0 |
_aLittle birdie books _vLevels 2-3 |
|
| 505 | _aN | ||
| 520 | _aWendy was always being forgetful. She never turns off lights, or the TV and always leaves the fridge open when searching for a snack. When her mom tells here that is like throwing money down the drain Wendy finally thinks she understands. She starts to empty the money from her piggy bank down the drain until her mom explains that was just a figure of speech. | ||
| 521 |
_a570
_bLexile |
||
| 521 |
_aN
_bRaz-Plus |
||
| 650 |
_apicture books _vFiction |
||
| 700 | 1 |
_aMyer, Ed _eillustrator |
|
| 906 |
_a7 _bcbc _corignew _d4 _eepcn _f20 _gy-gencatlg |
||
| 942 |
_2ddc _cBK _n0 |
||
| 999 |
_c3385 _d3385 |
||